000 00761nam a2200289Ia 4500
005 20260324114136.0
008 008 260324s9999 xx 000 0 eng d
020 _a9781003367215
037 _aEBOOK
040 _aCRL
040 _beng
040 _cCRL
041 _2eng
041 _aeng
084 _qCRL
100 _aNgoc Thanh Thuy Tran; Jeng-Shiung Jan; Wen-Dung Hsu; Ming-Fa Lin; Jow-Lay Huang
_91149602
245 0 _aEnergy Storage and Conversion Materials
245 0 _bProperties, Methods, and Applications
260 _bTaylor and Francis
260 _c2023
365 _a
365 _b305
856 _uhttp://www.taylorfrancis.com/books/9781003367215
942 _cEBOOK
999 _c1739616
_d1739616